Т. 3 : Гель - Дуфтон-Гарднера свет; Техническая энциклопедия. Словарь по всем отраслям техники и примыкающим к ней наукам

Détails bibliographiques
Parent link:Техническая энциклопедия. Словарь по всем отраслям техники и примыкающим к ней наукам: [в 8 т.]. Т. 3 : Гель - Дуфтон-Гарднера свет
Résumé:Текст в русской дореформенной орфографии
Langue:russe
Publié:
Sujets:
Format: Livre
KOHA link:https://koha.lib.tpu.ru/cgi-bin/koha/opac-detail.pl?biblionumber=268677

MARC

LEADER 00000nam2a2200000 4500
001 268677
005 20231101234205.0
035 |a (RuTPU)RU\TPU\book\291830 
035 |a RU\TPU\book\291828 
090 |a 268677 
100 |a 20140905d km y0rusy50 ca 
101 0 |a rus 
102 |a RU 
105 |a a f 001zy 
200 0 |a Т. 3 : Гель - Дуфтон-Гарднера свет 
215 |a [6], 772 с.  |c ил. 
300 |a Текст в русской дореформенной орфографии 
316 |5 63413507: М-133140  |a На титульном листе владельческая подпись: "Бутаков" 
317 |5 63413507: М-133140  |a Поступила в НТБ в 1970 г. в составе книжного собрания профессора ТПИ И. Н. Бутакова 
320 |a Литература в конце ст. 
461 1 |0 (RuTPU)RU\TPU\book\291817  |t Техническая энциклопедия. Словарь по всем отраслям техники и примыкающим к ней наукам  |o [в 8 т.]  |v Т. 3 : Гель - Дуфтон-Гарднера свет 
606 1 |a Техника  |2 stltpush  |3 (RuTPU)RU\TPU\subj\60019  |9 77509 
610 1 |a энциклопедические издания 
610 1 |a справочные издания 
610 1 |a библиотека И. Н. Бутакова 
610 1 |a владельческая надпись 
675 |a 62  |v 3 
801 1 |a RU  |b 63413507  |c 20140905 
801 2 |a RU  |b 63413507  |c 20221125  |g RCR 
942 |c BK